[Event "Montigny le Bretonneux Noel op 06th"]
[Site "Montigny le Bretonneux"]
[Date "2003.12.28"]
[Round "4"]
[White "Rivier, Kevin"]
[Black "Perodeau, Guillaume"]
[Result "0-1"]
[WhiteElo "1220"]
[BlackElo "1640"]
[PlyCount "60"]
[EventDate "2003.12.26"]
[EventType "swiss"]
[EventRounds "6"]
[EventCountry "FRA"]
[SourceTitle "CBM 097 Extra"]
[Source "ChessBase"]
[SourceDate "2004.01.13"]
[SourceVersion "1"]
[SourceVersionDate "2004.01.13"]
[SourceQuality "1"]

1. e4 e5 2. Nf3 Nc6 3. Bc4 Bc5 4. 0-0 d6 5. Nc3 Bg4 6. h3 Bh5 7. d3 h6 8. Be3 Bd4 9. Qd2 Bxf3 10. gxf3 Bxe3 11. Qxe3 Nd4 12. Rac1 Qg5+ 13. Qxg5 Nxf3+ 14. Kg2 Nxg5 15. f4 exf4 16. Rxf4 f6 17. h4 Nf7 18. Bxf7+ Kxf7 19. d4 Ne7 20. e5 dxe5 21. dxe5 Ng6 22. Rf3 Nxh4+ 23. Kg3 Nxf3 24. Kxf3 Rhe8 25. Nd5 Rac8 26. exf6 gxf6 27. c4 c6 28. Ne3 Re6 29. b4 Rce8 30. Ng4 h5 0-1

[Event "Montigny le Bretonneux Noel op 05th"]
[Site "Montigny le Bretonneux"]
[Date "2002.12.31"]
[Round "7.19"]
[White "Lallemand, Daniel"]
[Black "Perodeau, Guillaume"]
[Result "1-0"]
[WhiteElo "1840"]
[BlackElo "1580"]
[PlyCount "63"]
[EventDate "2002.12.??"]
[EventType "swiss"]
[EventRounds "7"]
[EventCountry "FRA"]
[SourceTitle "EXT 2004"]
[Source "ChessBase"]
[SourceDate "2003.11.25"]
[SourceVersion "1"]
[SourceVersionDate "2003.11.25"]
[SourceQuality "1"]

1. e4 e5 2. Nf3 Nc6 3. Bb5 a6 4. Ba4 Nf6 5. 0-0 b5 6. Bb3 Bc5 7. c3 d6 8. d4 exd4 9. cxd4 Bb6 10. Nc3 Bg4 11. Be3 Bxf3 12. gxf3 0-0 13. Nd5 Rb8 14. Nxb6 cxb6 15. Bc2 Nh5 16. f4 Qh4 17. Qf3 Nb4 18. Bd1 g6 19. Bd2 Nc6 20. Qe3 Nf6 21. f3 Rfe8 22. e5 Na5 23. b3 d5 24. Rc1 Nd7 25. Rc7 Nf8 26. Be2 Qd8 27. Rfc1 Ne6 28. R7c2 Qd7 29. Bd3 Rbc8 30. f5 Ng7 31. f6 Nf5 32. Bxf5 1-0

[Event "Saint Quentin op 5th"]
[Site "Saint Quentin"]
[Date "2002.??.??"]
[Round "8"]
[White "Bilquez, Romain"]
[Black "Perodeau, Guillaume"]
[Result "1/2-1/2"]
[WhiteElo "1400"]
[BlackElo "1330"]
[PlyCount "20"]
[EventDate "2002.04.21"]
[EventType "swiss"]
[EventRounds "9"]
[EventCountry "FRA"]
[SourceTitle "CBM 088 Extra"]
[Source "ChessBase"]
[SourceDate "2002.07.01"]
[SourceVersion "2"]
[SourceVersionDate "2002.07.01"]
[SourceQuality "1"]

1. e4 e5 2. Nf3 Nc6 3. Bc4 Bc5 4. c3 Nf6 5. d4 exd4 6. cxd4 Bb4+ 7. Nc3 0-0 8. e5 Ne4 9. Bd2 Nxd2 10. Qxd2 d6 1/2-1/2